00721nam a2200181 a 4500001001000000003000900010005001700019008004100036040002500077110011200102245005600214260006300270300002800333490004200361942001400403952010500417999001700522000037983DO-SdBNP20250422191443.0130311s1980 000 spa d aDO-SdBNPbspacBNPHU aRepública Dominicana.bSecretariado Técnico de la PresidenciabOficina Nacional de Estadísticas9231910aEstadística dominicana 1979 :bcomercio exterior. aSanto Domingo :bOficna Nancional de Estadística,c1980. a508 p. :bil. ;c27 cm.0 aOficina Nacional de Estadísticav27 2ddccLBS1 001050718MOaPDbPDcCTd2013-03-11iLF1l0o p37983-10r2020-06-25w2020-06-25y1ZNo se presta c37473d37473